Statistiques concernant Cyclisme : Les sponsors des équipes de 1ère division

Cliquez ici pour prendre le quiz!

Statistiques générales

  • Ce quiz a été pris 65 fois
  • Le résultat moyen est 26 sur 159

Statistiques - réponses

IndiceDomaineRéponse% Correct
AConglomérat kazakhAstana
84%
AFabrication de shampooingAlpecin
79%
FJeux et ParisFDJ
78%
JGrande distributionJumbo
76%
QSFabrication de solsQuick step
72%
ALMAssuranceAG2R La Mondiale
69%
BElectroménagerBora
67%
IIndustrie chimiqueIneos
67%
CEtablissement financierCofidis
66%
GAssurance mutuelleGroupama
66%
VCréation de logiciels de gestionVisma
66%
TEnergiesTotal
64%
SProduction de mousse PUSoudal
60%
LJeux et Paris en BelgiqueLotto
59%
TFabrication de cyclesTrek
59%
CConstruction automobileCitroën
57%
UPays (sigle en anglais}UAE
57%
AEtablissement financierArkéa
53%
IGrande distributionIntermarché
53%
LGrande distributionLidl
52%
IPaysIsraël
50%
BPays (en anglais)Bahrain
45%
MTélécommunicationsMovistar
45%
WBâtimentWanty
45%
SSociété de services aux entreprisesSamsic
43%
DIndustrie chimiqueDSM
41%
HProduction de robinetterie et sanitaireHansgrohe
41%
PTraitement des déchetsPremier tech
38%
STélécommunicationsSky
36%
DMenuiserie PVCDeceuninck
34%
JFabrication de caravanes et camping-carJayco
33%
ELocation de véhiculesEuropcar
31%
ZPrêt-à-porterZ
31%
STorréfacteurSegafredo
29%
DEEnergiesDirect Energie
28%
BFabrication de cyclesBMC
24%
CEEtablissement financierCaisse d'épargne
24%
ETransportsEmirates
22%
REtablissement financierRabobank
22%
GFabrication de cyclesGiant
21%
SEquipementier sportifShimano
21%
VPaysVenezuela
21%
AVFabrication de solsAlpha Vinyl
19%
CFabrication de chaussures et de sacsCCC
19%
CAEtablissement financierCrédit Agricole
19%
ELivraison de colisEasyPost
19%
MFabrication de cyclesMerida
19%
OLaboratoire pharmaceutiqueOmega Pharma
19%
CFabrication de cyclesCannondale
17%
ETélécommunicationsEuskatel
17%
SFabrication de cyclesScott
17%
SVoyagisteSunweb
17%
BFabrication de cyclesBianchi
16%
CFabrication de cyclesCervélo
16%
ECommunauté autonomeEuskadi
16%
SEtablissement financierSaxo
16%
TAlimentaireTinkoff
16%
LMétallurgieLampre
14%
CPrêt-à-porterCircus
12%
EEFFormation linguistiqueEF Education first
12%
KEquipementier sportifKatusha
12%
LJeux et Paris aux Pays-BasLotto NL
12%
NConstruction automobileNissan
12%
BInformatiqueBelkin
10%
DCChaine de télévisionDiscovery Channel
10%
FFabrication d'arômes et de fragranceFirmenich
10%
OFabrication d'explosifsOrica
10%
UJeux et ParisUnibet
10%
VHébergement de vacancesVacansoleil
10%
GCréation de systèmes de positionnement par satelliteGarmin
9%
J&JPrêt-à-porterJack & Jones
9%
DTechnologie de l'informationDimension Data
7%
NFabrication d'encens et de parfums
Nippo
7%
GMMatériaux de constructionGobert Matériaux
7%
GProduction de granulés de boisGreenEDGE
7%
LEquipementier sportifLeopard
7%
LEnergiesLiquigas
7%
NTélécommunicationsNTT
7%
AFabrication de cyclesArgon 18
5%
BVente de matériaux de constructionBigMat
5%
BEquipementier sportifBikeExchange
5%
DAlimentaireDavitamon
5%
EAlimentation sportiveEtixx
5%
IFabrication de cyclesIAM
5%
MMatériel de pointe pour automobilesMcLaren
5%
MSSociété viticoleMitchelton Scott
5%
MTélécommunicationsMTN
5%
QChaine de télévisionQazaqstan
5%
QEquipementier sportifQhubeka
5%
RFabrication de composants électroniquesRadioshack
5%
SDMatériel de chauffageSaunier-Duval
5%
BFabrication de cyclesBelisol
3%
BJournalBonjour
3%
DHFabrication de dronesDrone Hopper
3%
EEquipementier sportifEndura
3%
GAssuranceGan
3%
HFabrication de téléphonesHTC
3%
NSystème de stockage de donnéesNetApp
3%
NPrêt-à-porterNextHash
3%
OLinge de maisonOnce
3%
TMTélécommunicationsT-Mobile
3%
BEtablissement financierBanesto
2%
BBBTTélécommunicationsBBox Bouygues Telecom
2%
CFabrication de cyclesCollstrop
2%
GAlimentaireGerolsteiner
2%
IBCommunauté autonomeIles Baléares
2%
IFabrication de matelasInnergetic
2%
LSAssuranceLiberty Seguros
2%
PAppareils auditifs numériquesPhonak
2%
SFabrication de composants électroniquesSharp
2%
WFabrication d'outillageWurth
2%
ABAlimentaireAmérican beef
0%
AGJeux et jouetsAndroni Giocattoli
0%
FFabrication de cyclesBatavus
0%
BFabrication de cyclesBottecchia
0%
BLBAlimentaireBrioches La Boulangère
0%
CRestaurationCaffita
0%
CFabrication de cycles électriquesCIPI
0%
CSEquipementier sportifColumbia Sportswear
0%
CTechnologie de l'informationCSC
0%
DFabrication d'engraisDCM
0%
DNFabrication de portes de garageDe Nardi
0%
DMobilierDoimo
0%
DVHébergement de vacancesDomina Vacanze
0%
DMatériaux de constructionDoorisol
0%
ELinge de maisonEroski
0%
FVSociété viticoleFarnese vini
0%
FBMatériaux de constructionFassa Bortolo
0%
FFabrication de cyclesFondas
0%
FMatériel de chauffageFondital
0%
FPrêt-à-porterFooton
0%
FFabrication de cyclesFuji
0%
GPrêt-à-porter et chaussuresGeox
0%
GEquipementier sportifGW
0%
HRSManagement sportifHigh Road Sports
0%
hMobilierHome
0%
GConstruction automobileIneos Grenadiers
0%
IFabrication de cyclesISD
0%
MCSystème de stockage de donnéesMemory card
0%
MLaitMilram
0%
NTraitement de donnéesNGC
0%
PInconnuP3Transfer
0%
TTransportsPalmans
0%
PEnergiesPetronor
0%
PDispositifs d'auto-diagnosticPredictor
0%
PEquipementier sportifPro Cycling
0%
PFabrication de stylos personnalisésProdir
0%
SETraitement des déchetsSéché Environnement
0%
SIEquipementier sportifSelle Italia
0%
SDFabrication de fenêtresSerramenti-Diquigiovanni
0%
SAccessoires de mobilierServetto
0%
STransformation du ferSidermec
0%
SFabrication de cycles électriquesSilence
0%
SEquipementier sportifSportstech
0%
IInformatiqueSungard
0%
TFournisseur d'accès internetTiscali
0%
TFabrication de transformateursTMC
0%
TCommerce de surgelésToupargel
0%
WOFournisseur d'accès internetWorld Online
0%

Distribution des résultats

Percentile par nombre de réponses

% des personnes avec chaque résultat

Votre développement - résultats

Vous n’avez pas pris ce quiz